Human Development report 2004 (Record no. 4816)

MARC details
000 -LEADER
fixed length control field 00353nam a22001577a 4500
005 - DATE AND TIME OF LATEST TRANSACTION
control field 20160630094248.0
008 - FIXED-LENGTH DATA ELEMENTS--GENERAL INFORMATION
fixed length control field 160630b xxu||||| |||| 00| 0 eng d
020 ## - INTERNATIONAL STANDARD BOOK NUMBER
ISBN 0-19-567209-7
041 ## - LANGUAGE CODE
Language code of text/sound track or separate title eng
082 ## - DEWEY DECIMAL CLASSIFICATION NUMBER
Item number 10910
245 ## - TITLE STATEMENT
Title Human Development report 2004
260 ## - PUBLICATION, DISTRIBUTION, ETC. (IMPRINT)
Name of publisher Oxford
Year of publication 2004
300 ## - PHYSICAL DESCRIPTION
Number of Pages 276
650 ## - SUBJECT ADDED ENTRY--TOPICAL TERM
Topical Term Management
942 ## - ADDED ENTRY ELEMENTS (KOHA)
Koha item type Books
Holdings
Lost status Damaged status Collection code Home library Current library Shelving location Date acquired Cost, normal purchase price Full call number Accession Number Koha item type
    MANAGEMENT JRU Library JRU Library SHELF-71-G 30/06/2016 495.00 10910 10910 Books
    MANAGEMENT JRU Library JRU Library SHELF-71-G 30/06/2016 495.00 10910 10911 Books